Normal view
MARC view
Entry Personal Name
001 - CONTROL NUMBER
- control field: 53679
003 - CONTROL NUMBER IDENTIFIER
- control field: OSt
005 - DATE AND TIME OF LATEST TRANSACTION
- control field: 20160423153652.0
008 - FIXED-LENGTH DATA ELEMENTS
- fixed length control field: 160423|| aca||aabn | a|a d
040 ## - CATALOGING SOURCE
- Original cataloging agency: OSt
- Transcribing agency: OSt
100 ## - HEADING--PERSONAL NAME
- Personal name: राय गोपाल
670 ## - SOURCE DATA FOUND
- Source citation: Work cat.: (OSt)46177: राय गोपाल , दिनकर व्यक्तित्व और रचना के आयाम , 2011









